Sports Quiz

Random Sports or Football Quiz

Most matches together with Wesley Sneijder Quiz Stats

 Plays Quiz not verified by Sporcle

Score 0/25 Timer 04:00
1 Play Today
Matches Name % Correct
98Arjen Robben
89.2%
140Rafael van der Vaart
82.3%
85Diego Milito
79.1%
104Javier Zanetti
74.7%
93Júlio César
73.4%
110Klaas-Jan Huntelaar
67.1%
94Estebano Cambiasso
65.8%
174Nigel de Jong
62%
94Lúcio
60.8%
86Maicon
59.5%
132Maarten Stekelenburg
52.5%
186Johnny Heitinga
51.9%
111Ryan Babel
35.4%
Matches Name % Correct
156Fernando Muslera
31.6%
90Maxwell
31%
86Tomás Galásek
25.3%
157Selcuk Inan
21.5%
90Zdenek Grygera
20.9%
103Burak Yilmaz
19.6%
101Umut Bulut
15.8%
116Semih Kaya
14.6%
118Hakan Balta
12%
121Sabri Sarioglu
11.4%
95Aurélien Chedjou
10.1%
84Yasin Öztekin
4.4%

You're not logged in!

Compare scores with friends on all Sporcle quizzes.
OR
Log In

Sporcle TV

Today on Sporcle TV


Watch our educational content, quiz creation guides, and fun videos on Sporcle TV.

Show Comments

Extras

Top Quizzes Today


Score Distribution

Your Account Isn't Verified!

In order to create a playlist on Sporcle, you need to verify the email address you used during registration. Go to your Sporcle Settings to finish the process.

Report this User

Report this user for behavior that violates our Community Guidelines.

Details: